Judges beware (Record no. 67177)
[ view plain ]
| 000 -LEADER | |
|---|---|
| fixed length control field | 01512cam a2200265 4500 |
| 001 - CONTROL NUMBER | |
| control field | ABS63949 |
| 008 - FIXED-LENGTH DATA ELEMENTS--GENERAL INFORMATION | |
| fixed length control field | 000000n2001 000 0 eng u |
| 035 ## - SYSTEM CONTROL NUMBER | |
| System control number | (Sirsi) u112855 |
| 100 ## - MAIN ENTRY--PERSONAL NAME | |
| Personal name | Elliott, T |
| 245 ## - TITLE STATEMENT | |
| Title | Judges beware |
| 260 ## - PUBLICATION, DISTRIBUTION, ETC. | |
| Date of publication, distribution, etc. | 2001 |
| 490 ## - SERIES STATEMENT | |
| Series statement | Building |
| Volume/sequential designation | 266(8185) 18 May 2001, 58-59(2) |
| 520 ## - SUMMARY, ETC. | |
| Summary, etc. | Questions the use of case management as demonstrated in "The Royal Brompton Hospital National Service Trust v Hammond and Others" (2001), where the judge's decision to strike out claims, made in accordance with the Woolf reforms, was overruled by the CA. The judge doubted the substance of some of Brompton's allegations and using the powers of the Civil Procedure Rules struck most of the claims out. However, the CA claimed that the balance of probabilities test adopted by the judge was not sufficient proof to strike out claims, and decided that the issues should be determined at a full trial. Copy of judgement available on http://porch.ccta.gov.uk/courtser/judgements.nsf/Search/D61D800F52CC36BD80256A3300340860?OpenDocument |
| 590 ## - LOCAL NOTE (RLIN) | |
| Local note | ABS |
| 650 ## - SUBJECT ADDED ENTRY--TOPICAL TERM | |
| Topical term or geographic name entry element | WOOLF REFORMS |
| 650 ## - SUBJECT ADDED ENTRY--TOPICAL TERM | |
| Topical term or geographic name entry element | CASE MANAGEMENT |
| 650 ## - SUBJECT ADDED ENTRY--TOPICAL TERM | |
| Topical term or geographic name entry element | ROYAL BROMPTON HOSPITAL NHS TRUST V HAMMOND AND OTHERS |
| 650 ## - SUBJECT ADDED ENTRY--TOPICAL TERM | |
| Topical term or geographic name entry element | STRIKING OUT |
| 650 ## - SUBJECT ADDED ENTRY--TOPICAL TERM | |
| Topical term or geographic name entry element | CLAIMS |
| 650 ## - SUBJECT ADDED ENTRY--TOPICAL TERM | |
| Topical term or geographic name entry element | CIVIL PROCEDURE RULES |
| 650 ## - SUBJECT ADDED ENTRY--TOPICAL TERM | |
| Topical term or geographic name entry element | CIVIL PROCEDURE RULES |
| 690 ## - LOCAL SUBJECT ADDED ENTRY--TOPICAL TERM (OCLC, RLIN) | |
| Topical term or geographic name as entry element | BUILDING AND CONSTRUCTION-LAW |
| 856 ## - ELECTRONIC LOCATION AND ACCESS | |
| Uniform Resource Identifier | <a href="https://porch.ccta.gov.uk/courtser/judgements.nsf/Search/D61D800F52CC36BD80256A3300340860?OpenDocument">https://porch.ccta.gov.uk/courtser/judgements.nsf/Search/D61D800F52CC36BD80256A3300340860?OpenDocument</a> |
| 942 ## - ADDED ENTRY ELEMENTS (KOHA) | |
| Suppress in OPAC | 0 |
| Withdrawn status | Lost status | Source of classification or shelving scheme | Damaged status | Not for loan | Home library | Current library | Shelving location | Date acquired | Total Checkouts | Full call number | Barcode | Date last seen | Copy number | Price effective from | Koha item type |
|---|---|---|---|---|---|---|---|---|---|---|---|---|---|---|---|
| Dewey Decimal Classification | London | London | Journal article | 30/05/2001 | ABS63949 | 112855-1001 | 06/08/2019 | 1 | 06/08/2019 | Journal article |